LIBRARY & INFORMATION CENTRE, KCAET, TAVANUR

ONLINE PUBLIC ACCESS CATALOGUE (OPAC)

Food science and technology / (Record no. 13324)

MARC details
000 -LEADER
fixed length control field 00447cam a2200169ua 4500
041 ## - LANGUAGE CODE
Language code of text/sound track or separate title eng
082 ## - DEWEY DECIMAL CLASSIFICATION NUMBER
Classification number 664
Item number KHA/FO
100 ## - MAIN ENTRY--AUTHOR NAME
Personal name Khatkar, Bhupendra Singh .
245 00 - TITLE STATEMENT
Title Food science and technology /
260 ## - PUBLICATION, DISTRIBUTION, ETC. (IMPRINT)
Place of publication New Delhi :
Name of publisher Daya Publishing House ,
Year of publication 2007.
300 ## - PHYSICAL DESCRIPTION
Number of Pages 549 ; .
942 ## - ADDED ENTRY ELEMENTS (KOHA)
Koha item type Books
Holdings
Withdrawn status Lost status Damaged status Home library Current library Date acquired Full call number Accession Number Koha item type
      KAUAET KAUAET 07/04/2012 664 21590 Books
free website counter